Poľnohospodársky ekonomický účet (za rok 2001)

Guardado en:
Detalles Bibliográficos
Formato: Libro
Lenguaje:eslovaco
inglés
Publicado: Bratislava Štatistický úrad Slovenskej republiky 2002
Colección:Pôdohospodárstvo a životné prostredie
Materias:
Etiquetas: Agregar Etiqueta
Sin Etiquetas, Sea el primero en etiquetar este registro!

MARC

LEADER 00000nam a2200000 4500
001 c141638
005 20260122154147.8
041 0 |a slo 
041 0 |a eng 
044 |a SK 
245 1 0 |a Poľnohospodársky ekonomický účet (za rok 2001) 
264 1 |a Bratislava  |b Štatistický úrad Slovenskej republiky  |c 2002 
300 |a 45 s. 
490 1 |a Pôdohospodárstvo a životné prostredie 
830 0 |a Pôdohospodárstvo a životné prostredie 
610 2 0 |a poľnohospodárstvo 
610 2 0 |a lesníctvo 
610 2 0 |a výsledok hospodársky 
610 2 0 |a Slovensko